Statistics for Countries closest to the Bay of Biscay without a map

Click here to take the quiz!

General Stats

  • This quiz has been taken 9 times
  • The average score is 13 of 15

Answer Stats

MilesAnswer% Correct
0France
89%
0Spain
89%
301Portugal
89%
305Andorra
89%
318United Kingdom
89%
440Switzerland
89%
451Belgium
89%
476Italy
89%
484Ireland
89%
495Netherlands
89%
500Luxembourg
89%
519Germany
89%
615Austria
89%
534Monaco
78%
611Liechtenstein
67%

Score Distribution

Percentile by Number Answered

Percent of People with Each Score

Your Score History

You have not taken this quiz